00493nam a2200205Ia 4500008004100000020001800041050001600059100001600075245004300091245001900134260001500153260001900168260000900187300001600196300002000212300001000232300003100242440000600273500000800279170918s9999 xx 000 0 und d a9780064404990 bL673ch 1994 aLewis, C.S. 4aThe lion, the witch and the wardrobe / cby C.S. Lewis. aNew York : bHarper Trophy, c1994 a189 pages : billustrations ; c19cm. eThe chronicles of Narnia ; a2 a940